1794 1066 1757 1103 1557 1458 1668 1329 1240 1624 1328 1617 1037 1655 1205 1495 1572 1248 1744 1371 1908 1066 1351 1735 1001 1137 1651 1128 1884 1214 1871 1086 1271 1770 1687 1315 1970 1170 1778 1914 1262 1108 1806 1601 1019 1778 1525 1331 1199 1811 1241 1480 1508 1533 1555 1063 1498 1730 1408 1993 1146 1316 1635 1466 1749 1721 1402 1202 1852 1194 1182 1223 1430 1983 1284 1264 1746 1100 1228 1214 1843 1967 1136 1155 1905 1394 1608 1766 1570 1876 1724 1283 1721 1849 1951 1926 1999 1038 1061 BCNSPRNW ULIB Ver.6.0+V

เปลี่ยนเป็นภาษาไทย

Change to English
 แสดงรายละเอียดบรรณานุกรม
  กลับหน้าหลัก

Brief Record : Get Marc (ISO 2709) : E-mail record : QR code < ปิดหน้าต่าง
LEADER : 00000nam 2200000uu 4500
001    13399125158
003     ULIB
008    161024s2550||||th 000 0 tha d
099    ^aวพ.WY105^bย445ผ
100 0  ^aยุวราณี สุขวิญญาณ์
245 00 ^aผลของการจัดการเรียนการสอนแบบบูรณาการในวิชาการพยาบาลบุคคลที่มีปัญหาสุขภาพ 1 วิทยาลัยพยาบาลบรมราชชนนี สวรรค์ประชารักษ์ นครสวรรค์ /^cยุวราณี สุขวิญญาณ์,สุภาวรรณ์ ศรีจันท์ทองศิริ,สิริกานต์ แรงกสิกร
260    ^aนครสวรรค์ :^bวิทยาลัยพยาบาลบรมราชชนนี สวรรค์ประชารักษ์ นครสวรรค์ สถาบันพระบรมราชชนก สำนักงานปลัดกระทรวงสาธารณสุข กระทรวงสาธารณสุข ,^c2550
300    ^a141 หน้า ;^c29 ซม.
700    ^aสุภาวรรณ์ ศรีจันท์ทองศิริ
700    ^aสิริกานต์ แรงกสิกร
945    ^p0^l0^i001407
995    ^aณรีรัตน์
999 ^a ณรีรัตน์
รายการนี้ยังไม่มีแท็ก
คุณยังไม่ได้ล็อกอิน คุณสามารถมีกิจกรรมร่วมกับเว็บไซต์ได้ แต่ต้องล็อกอินก่อน ::
  ล็อกอิน

รายการสื่อสารสนเทศ

ลำดับที่ ประเภท เลขเรียก/บาร์โค้ด สถานที่ สถานะ
1. งานวิจัย
งานวิจัย
วพ.WY105 ย445ผ ฉ.1 
  Barcode: 001407
ห้องสมุดวิทยาเขตสวรรค์ประชารักษ์
►วิจัย
บนชั้น

BibComment


ยังไม่เคยถูกคอมเมนท์

คอมเมนท์ทรัพยากรรายการนี้
  คอมเมนท์: ผลของการจัดการเร..


 Copyright 2026. Bcnsprnw @Library